| 000 | 00726nam a2200265Ia 4500 | ||
|---|---|---|---|
| 003 | OSt | ||
| 005 | 20220925212424.0 | ||
| 006 | a|||||r|||| 00| 0 | ||
| 007 | ta | ||
| 008 | 220923b |||||||| |||| 00| 0 eng d | ||
| 037 | _cGeneral Book | ||
| 040 |
_aRTL _cRTL _beng |
||
| 041 |
_2eng _aeng |
||
| 082 | _aY, K7;L8 | ||
| 100 | _aCotgrove Stephen | ||
| 245 | 0 |
_aScience of society _b An introduction to sociology |
|
| 250 | _a4 | ||
| 260 |
_aLondon _bAllen & Unwin _c1978 |
||
| 300 |
_a302p _ccm. |
||
| 490 | _aMinerva Series of Students Handbooks | ||
| 500 | _aBibliography chapterwise | ||
| 650 | _aSociology | ||
| 942 |
_hY, K7;L8 _cGB _2CC |
||
| 999 |
_c560290 _d560290 |
||